000 00446nam a22001577a 4500
005 20240829102021.0
008 240829b |||||||| |||| 00| 0 eng d
041 _aEnglish
082 _a349 LAW
100 _lEnglish
245 _aThe Laws of South West Africa 1931
260 _aWindhoek:
_bBy Authority,
_c1931
300 _bxxxv, 557 pages;
_c25 cm.
650 _aLegal practice
_bLaw
942 _cBK
_6ALISON_BN_VRIES
999 _c2948
_d2948